Productos químicos orgánicos industriales
Guardat en:
| Autors principals: | , |
|---|---|
| Format: | Llibre |
| Idioma: | espanyol |
| Publicat: |
Ciudad de México
Limusa
2002
|
| Matèries: | |
| Etiquetes: |
Afegir etiqueta
Sense etiquetes, Sigues el primer a etiquetar aquest registre!
|
MARC
| LEADER | 00000nam a2200000 a 4500 | ||
|---|---|---|---|
| 001 | UCG4225 | ||
| 003 | CL-VaPUC | ||
| 008 | 101021e20020000MX |||||||||||||||||spa|d | ||
| 020 | |a 9681818822 | ||
| 082 | 0 | 4 | |a 661.820 |b WIT |2 21 |
| 100 | 0 | |a Wittcoff, Harold A |e author |9 553569 | |
| 700 | 0 | |a Reuben, Bryan G |e author |9 553570 | |
| 245 | 1 | 0 | |a Productos químicos orgánicos industriales |
| 300 | |a v | ||
| 942 | |c BK | ||
| 945 | |d 20101021 00:00:00 |a mfarfan | ||
| 260 | |a Ciudad de México |b Limusa |c 2002 | ||
| 500 | |a v.1: Materias primas y fabricación | ||
| 650 | 0 | |a Química orgánica |9 259426 | |
| 650 | 0 | |a Productos químicos |9 326289 | |
| 583 | |a last modification |c 20101021 00:00:00 |k Rodrigo Vera | ||
| 999 | |c 343059 |d 343057 | ||
| 952 | |0 0 |1 0 |4 0 |6 661_820000000000000_WIT_2002 |7 0 |8 A |9 439990 |a BIBMEC |b BIBMEC |d 2019-11-22 |h v.1 |i 4727339 |o 661.820 WIT 2002 |p 4727339 |r 2024-01-19 |w 2019-11-22 |y BK |k MEC | ||